000
00468nam a2200181Ia 4500
008
151018s9999 xx 000 0 und d
082
_b
RBASDV37815
_a
891.463
100
_a
बशीर मुजावर
245
_a
कवच
250
_b
1
260
_b
पायल
_c
2004
300
_a
200
600
_a
बशीर मुजावर
630
_a
कवच
700
_a
बशीर मुजावर
730
_a
कवच
942
_c
BOOK
999
_c
1037229
_d
1037226